000 00589nam a2200229 a 4500
005 20180803165042.0
008 140307b1971 ve ||||| |||| 00| 0 spa d
041 _aspa
044 _ave
090 _aLB
_b02728
100 _aSmith, Lyman B.
_917956
245 _aBromeliaceae
260 _aCaracas
_bInstituto Botánico
_c1971
300 _a361 p.
650 _aFlora
_917957
650 _aPlantas
_917958
650 _aTaxonomía vegetal
_992262
650 _aClaves taxonómicas
_93514
650 _aIdentificación de especies
_94726
662 _aVenezuela
942 _cImpreso
_2z
999 _c2957
_d2957